Evénements du 5 novembre - Statistiques

Statistiques générales
  • Ce quiz a été pris 44 fois
  • Le résultat moyen est 6 sur 15
Statistiques - réponses
Hint Réponse % Correct
Election de Bill Clinton à la présidence des Etats-Unis 1996
80%
Election de Richard Nixon à la présidence des Etats-Unis 1968
69%
Saddam Hussein est condamné à mort 2005
60%
Bombardement du Vatican 1943
49%
1er album de Carla Bruni 2002
49%
Election de Thomas Woodrow Wilson à la présidence des Etats-Unis 1912
40%
Mort de René Goscinny 1977
40%
Naissance du futur général Vandamme 1770
34%
Conspiration des Poudres à Londres 1605
31%
Bataille d'Inkermann en Crimée 1854
26%
Naissance de Jacqueline Auriol 1917
20%
Bataille de Rossbach 1757
17%
Annexion de la Libye par l'Italie 1911
17%
Mort de Maurice Utrillo 1955
14%
Inondation causant plus de 100000 morts en Zélande et en Flandre 1530
9%
Aucun quiz correspondant
Distribution des résultats
% des personnes avec chaque résultat
Percentile par nombre de réponses
Votre historique - résultats
Vous n’avez pas pris ce quiz